[Event "Superettan(SodraSASS-Burgsvik)"]
[Site "?"]
[Date "2012.02.05"]
[Round "6"]
[White "Fries Nielsen, Jens Ove"]
[Black "Furhoff, Johan"]
[Result "1-0"]
[WhiteElo "2394"]
[BlackElo "2378"]
[PlyCount "62"]
[EventDate "2012.??.??"]

1. d4 d5 2. Nc3 c6 3. Bf4 Nf6 4. f3 Qb6 5. Rb1 e6 6. e3 Bd7 7. g4 c5 8. Nge2
Nc6 9. Bg2 h5 10. g5 Ng8 11. O-O cxd4 12. exd4 Nge7 13. Na4 Qb5 14. b3 Nf5 15.
Kh1 Be7 16. c4 dxc4 17. Nec3 Qa5 18. d5 Ncd4 19. d6 Bd8 20. b4 Bxa4 21. Nxa4
Qd5 22. Nc3 Qc6 23. Re1 f6 24. g6 Bb6 25. a4 a6 26. b5 axb5 27. axb5 Qc5 28.
Na4 Rxa4 29. Qxa4 O-O 30. d7 e5 31. Be3 c3 1-0

[Event "Superettan(SodraSASS-Burgsvik)"]
[Site "?"]
[Date "2012.02.05"]
[Round "6"]
[White "Winge, Stefan"]
[Black "Fries Nielsen, Niels J"]
[Result "0-1"]
[WhiteElo "2298"]
[BlackElo "2390"]
[PlyCount "62"]
[EventDate "2012.??.??"]

1. e4 g6 2. d4 Bg7 3. Nc3 d6 4. Be3 Nf6 5. f3 Nc6 6. Qd2 e5 7. d5 Ne7 8. Bh6
O-O 9. Bxg7 Kxg7 10. O-O-O a6 11. g4 b5 12. a3 Rb8 13. Na2 c6 14. dxc6 Nxc6 15.
Nb4 Nd4 16. Qe3 a5 17. g5 axb4 18. gxf6+ Qxf6 19. axb4 Be6 20. Ne2 Ra8 21. Rxd4
exd4 22. Nxd4 Rfe8 23. Bxb5 Ra1+ 24. Kd2 Rxh1 25. Bxe8 Rxh2+ 26. Kd3 Rh3 27. b5
Bg4 28. b6 Bxf3 29. Bd7 Bxe4+ 30. Kxe4 Qe5+ 31. Kd3 Rxe3+ 0-1

[Event "Superettan(SodraSASS-Burgsvik)"]
[Site "?"]
[Date "2012.02.05"]
[Round "6"]
[White "Andersson, Bjorn"]
[Black "Holmqvist, Gunnar"]
[Result "1/2-1/2"]
[WhiteElo "2318"]
[BlackElo "2262"]
[PlyCount "40"]
[EventDate "2012.??.??"]

1. e4 e5 2. Nf3 Nc6 3. Bb5 a6 4. Ba4 Nf6 5. Qe2 b5 6. Bb3 Bc5 7. c3 d6 8. d3 h6
9. O-O O-O 10. Nbd2 Nh5 11. Bd5 Nf4 12. Qd1 Nxd5 13. exd5 Ne7 14. Nb3 Bb6 15.
c4 Bb7 16. Be3 c6 17. Bxb6 Qxb6 18. c5 dxc5 19. d6 Ng6 20. Rc1 Rad8 1/2-1/2

[Event "Superettan(SodraSASS-Burgsvik)"]
[Site "?"]
[Date "2012.02.05"]
[Round "6"]
[White "Fors, Tomas"]
[Black "Larsson, Victor"]
[Result "1/2-1/2"]
[WhiteElo "2047"]
[BlackElo "2185"]
[PlyCount "190"]
[EventDate "2012.??.??"]

1. d4 d5 2. c4 e6 3. Nc3 Be7 4. Nf3 Nf6 5. Bg5 h6 6. Bh4 O-O 7. e3 b6 8. Bd3
Bb7 9. O-O Ne4 10. Bxe7 Qxe7 11. Rc1 Nxc3 12. Rxc3 dxc4 13. Bxc4 Rd8 14. Qe2
Nd7 15. Rfc1 c5 16. Bb5 Rac8 17. h3 cxd4 18. Nxd4 Rxc3 19. Rxc3 Nc5 20. Bc6 e5
21. Nf5 Qg5 22. Bxb7 Qxf5 23. e4 Qd7 24. Bd5 Ne6 25. Qg4 Nf4 26. Qxd7 Rxd7 27.
Rc8+ Kh7 28. Bb3 g5 29. Kh2 Kg7 30. g3 Nd3 31. Rc2 Nc5 32. Bd5 f5 33. f3 a5 34.
Kg2 Kf6 35. Kf1 h5 36. Ke2 g4 37. hxg4 hxg4 38. fxg4 fxe4 39. Bc6 Rd6 40. Be8
Kg5 41. Bh5 e3 42. Kxe3 Rd3+ 43. Kf2 Ne4+ 44. Ke2 Rxg3 45. Rc8 Nf6 46. Kf2 Rh3
47. Rc7 Nxg4+ 48. Bxg4 Kxg4 49. b4 Ra3 50. Rc2 axb4 51. Rc4+ Kf5 52. Rxb4 Rxa2+
53. Ke3 Ra3+ 54. Ke2 Ra6 55. Ke3 Ke6 56. Ke4 Kd6 57. Rb5 Ra4+ 58. Ke3 Ra6 59.
Ke4 Ra4+ 60. Ke3 Rh4 61. Rxb6+ Kd5 62. Rb5+ Ke6 63. Rb8 Rh1 64. Ke4 Re1+ 65.
Kf3 Rc1 66. Re8+ Kf6 67. Rf8+ Ke7 68. Ra8 Rc4 69. Ra6 Kd7 70. Ke3 Rc1 71. Ke4
Re1+ 72. Kf3 Kc7 73. Kf2 Rh1 74. Ke3 Re1+ 75. Kf2 Rc1 76. Ke3 Kd7 77. Ke4 Re1+
78. Kf3 Ke7 79. Rb6 Rd1 80. Ke4 Re1+ 81. Kf3 Kd7 82. Ra6 Rd1 83. Ke4 Rd6 84.
Rxd6+ Kxd6 85. Ke3 Kd5 86. Kd3 e4+ 87. Ke3 Ke5 88. Ke2 Kf5 89. Ke3 Ke5 90. Ke2
Kf4 91. Kf2 e3+ 92. Ke2 Ke4 93. Ke1 Kd3 94. Kd1 e2+ 95. Ke1 Ke3 1/2-1/2

[Event "Superettan(SodraSASS-Burgsvik)"]
[Site "?"]
[Date "2012.02.05"]
[Round "6"]
[White "Krupenski, Juri"]
[Black "Alqvist, Erik"]
[Result "1-0"]
[WhiteElo "2291"]
[BlackElo "1998"]
[PlyCount "73"]
[EventDate "2012.??.??"]

1. d4 Nf6 2. c4 g6 3. g3 Bg7 4. Bg2 d5 5. cxd5 Nxd5 6. e4 Nb6 7. Ne2 Nc6 8. d5
Na5 9. O-O O-O 10. Nbc3 c6 11. b3 cxd5 12. exd5 Bg4 13. f3 Bf5 14. Be3 Nc8 15.
Bd4 Nd6 16. Bxg7 Kxg7 17. Nd4 Bd7 18. Re1 Rc8 19. Qd2 Re8 20. Kh1 Qb6 21. Nce2
e5 22. dxe6 Bxe6 23. Nxe6+ Rxe6 24. Bh3 f5 25. Nf4 Ree8 26. Qb2+ Kg8 27. Nd5
Qb5 28. Re7 Rxe7 29. Nxe7+ Kf7 30. Nxc8 Nxc8 31. Qh8 Nd6 32. Qxh7+ Kf6 33. Re1
Nc6 34. Qd7 Qd5 35. Bg2 Qd2 36. Re6+ Kg5 37. h4+ 1-0

[Event "Superettan(SodraSASS-Burgsvik)"]
[Site "?"]
[Date "2012.02.05"]
[Round "6"]
[White "Johansson, Per"]
[Black "Linusson, Pelle"]
[Result "0-1"]
[WhiteElo "1971"]
[BlackElo "2109"]
[PlyCount "148"]
[EventDate "2012.??.??"]

1. d4 Nf6 2. Nf3 g6 3. c4 Bg7 4. g3 O-O 5. Bg2 d6 6. O-O c5 7. b3 Nc6 8. Bb2
Bg4 9. d5 Bxf3 10. Bxf3 Nd4 11. Bg2 Nd7 12. Nc3 Qa5 13. e3 Nb5 14. cxb5 Bxc3
15. Bxc3 Qxc3 16. Qe2 Qb4 17. Qc4 a6 18. bxa6 Rxa6 19. Qxb4 cxb4 20. Rfc1 Nc5
21. Bf1 Ra3 22. Rc4 Nxb3 23. Rd1 Nc5 24. Rxb4 Rxa2 25. e4 f6 26. f4 Ra4 27.
Rdb1 Rxb4 28. Rxb4 Ra8 29. e5 fxe5 30. fxe5 dxe5 31. Rb5 Rc8 32. Bh3 Rc7 33.
Rb1 Nd3 34. Be6+ Kg7 35. Rb6 Rc1+ 36. Kg2 Nc5 37. h4 e4 38. Kf2 Rc3 39. Rb5 Kf6
40. Bg8 Kg7 41. Be6 Nxe6 42. dxe6 Rc7 43. Ke3 Kf6 44. Kxe4 Kxe6 45. Rb6+ Kf7
46. g4 e6 47. Ke5 Rd7 48. h5 gxh5 49. gxh5 h6 50. Kf4 Kf6 51. Ke4 Rc7 52. Rb4
Rc5 53. Rxb7 Rxh5 54. Rb8 Rh4+ 55. Ke3 Kf5 56. Rf8+ Ke5 57. Ra8 h5 58. Ra5+ Kf6
59. Kf3 e5 60. Kg3 Rb4 61. Ra8 Rf4 62. Rf8+ Kg5 63. Re8 Kf5 64. Re7 h4+ 65. Kg2
e4 66. Re8 Rf3 67. Re7 Kf4 68. Re8 Ke3 69. Re7 h3+ 70. Kg1 Kd3 71. Rd7+ Ke2 72.
Re7 e3 73. Re8 h2+ 74. Kh1 Kf2 0-1

[Event "Superettan(SodraSASS-Burgsvik)"]
[Site "?"]
[Date "2012.02.05"]
[Round "6"]
[White "Akerman, Axel"]
[Black "Broden, Per"]
[Result "1/2-1/2"]
[WhiteElo "2195"]
[BlackElo "1958"]
[PlyCount "74"]
[EventDate "2012.??.??"]

1. e4 c5 2. Nc3 Nc6 3. Bb5 a6 4. Bxc6 bxc6 5. d3 d6 6. f4 Nf6 7. Nf3 Bg4 8. O-O
e6 9. Qe1 Qc7 10. Qg3 Bxf3 11. Rxf3 d5 12. b3 Rb8 13. Qe1 Be7 14. Na4 Qa7 15.
c4 dxe4 16. dxe4 Rd8 17. Bb2 O-O 18. Nc3 Rd7 19. e5 Ng4 20. Rd1 Rfd8 21. h3 Nh6
22. g4 Rxd1 23. Nxd1 Qd7 24. Ne3 Qd3 25. Qf2 Qe4 26. f5 Rd3 27. f6 gxf6 28.
exf6 Bd6 29. Kg2 Bf4 30. Nf1 Bd6 31. Ng3 Qg6 32. Rxd3 Qxd3 33. Nf1 Qe4+ 34. Qf3
Qc2+ 35. Qf2 Qe4+ 36. Qf3 Qc2+ 37. Qf2 Qe4+ 1/2-1/2

[Event "Superettan(SodraSASS-Burgsvik)"]
[Site "?"]
[Date "2012.02.05"]
[Round "6"]
[White "Kleimert, Kim"]
[Black "Scheid, Adam"]
[Result "0-1"]
[WhiteElo "1840"]
[BlackElo "1996"]
[PlyCount "86"]
[EventDate "2012.??.??"]

1. d4 d5 2. c4 c6 3. cxd5 cxd5 4. Nf3 Nf6 5. Nc3 g6 6. Bf4 Bg7 7. h3 O-O 8. e3
a6 9. Bd3 Nc6 10. O-O b5 11. Rc1 Bb7 12. Ne5 Rc8 13. Qe2 Nd7 14. Nxc6 Bxc6 15.
Rfd1 Nb6 16. b3 Qd7 17. Nb1 Rfe8 18. Nd2 f6 19. Bb1 e5 20. dxe5 fxe5 21. Bg3
Qe7 22. Nf3 Nd7 23. Qd2 Bb7 24. Rxc8 Rxc8 25. Rc1 Rxc1+ 26. Qxc1 Nb8 27. Qc3
Nc6 28. Kh2 b4 29. Qc1 e4 30. Ng1 Bc3 31. Ne2 Qc5 32. Qd1 a5 33. Nf4 Ne7 34.
Ne6 Qb6 35. Nd4 Nf5 36. Nxf5 gxf5 37. Qh5 Qg6 38. Qh4 Qf6 39. Qf4 Ba6 40. Bh4
Qe5 41. Bc2 Qxf4+ 42. exf4 Be2 43. Bd8 d4 0-1

[Event "Superettan(Wasa-Lulea)"]
[Site "?"]
[Date "2012.02.05"]
[Round "6"]
[White "Astrom, Robert"]
[Black "Wedberg, Tom"]
[Result "1/2-1/2"]
[WhiteElo "2493"]
[BlackElo "2553"]
[PlyCount "107"]
[EventDate "2012.??.??"]

1. d4 Nf6 2. Nf3 e6 3. c4 c5 4. d5 d6 5. Nc3 exd5 6. cxd5 g6 7. h3 a6 8. a4 Bg7
9. e4 O-O 10. Bd3 Nh5 11. O-O Nd7 12. Re1 Re8 13. Bg5 Bf6 14. Be3 Ne5 15. Be2
Nxf3+ 16. Bxf3 Ng7 17. a5 Rb8 18. Na4 Bd7 19. Qd2 Bxa4 20. Rxa4 Qd7 21. b3 b5
22. axb6 Rxb6 23. Qa2 Qb7 24. Rb1 Ra8 25. Be2 Ne8 26. Bc4 Nc7 27. Bf4 Re8 28.
Re1 Bc3 29. Re2 Bd4 30. Kh2 Qc8 31. Bg3 Nb5 32. Bxb5 axb5 33. Ra7 c4 34. bxc4
b4 35. Qb3 Qc5 36. f3 Rc8 37. Rc2 Bg1+ 38. Kh1 Qd4 39. Rc1 Be3 40. Rd1 Qc3 41.
Rd3 Qc1+ 42. Rd1 Qc3 43. Rd3 Qxb3 44. Rxb3 Bd4 45. Bf4 Rxc4 46. Bh6 Rb8 47. Ra6
Bc5 48. Rb1 f6 49. Rc6 b3 50. Rc7 Ra4 51. Rg7+ Kh8 52. Rc7 Kg8 53. Rg7+ Kh8 54.
Rc7 1/2-1/2

[Event "Superettan(Wasa-Lulea)"]
[Site "?"]
[Date "2012.02.05"]
[Round "6"]
[White "Astrom, Goran"]
[Black "Larsson, Anders"]
[Result "1-0"]
[WhiteElo "2320"]
[BlackElo "2362"]
[PlyCount "115"]
[EventDate "2012.??.??"]

1. e4 e6 2. d4 d5 3. Nd2 Be7 4. Bd3 Nf6 5. e5 Nfd7 6. Ne2 c5 7. c3 Nc6 8. Nf3
O-O 9. O-O f6 10. exf6 Nxf6 11. Re1 cxd4 12. cxd4 Bd6 13. Bf4 Bxf4 14. Nxf4 Qd6
15. g3 Bd7 16. Rc1 Rae8 17. Ne5 a6 18. a3 Nxd4 19. Bxh7+ Nxh7 20. Qxd4 Ng5 21.
Kg2 Rf5 22. Nfg6 Nf7 23. Nxf7 Kxf7 24. Ne5+ Kg8 25. f4 Rff8 26. Qc5 Qxc5 27.
Rxc5 Bb5 28. b3 Rc8 29. Rec1 Rxc5 30. Rxc5 Rd8 31. Kf2 d4 32. a4 Be8 33. Ke1 b6
34. Rc7 Rd5 35. Re7 Kf8 36. Rxe6 b5 37. Rxa6 bxa4 38. bxa4 g5 39. Kd2 gxf4 40.
gxf4 Rd8 41. Kd3 Rb8 42. Kxd4 Rb4+ 43. Ke3 Rxa4 44. Rxa4 Bxa4 45. f5 Kg7 46.
Kf4 Kh6 47. Kg4 Bd1+ 48. Kh4 Bc2 49. Ng4+ Kg7 50. Kg5 Kf7 51. Ne5+ Kg7 52. Nc6
Be4 53. Nd4 Bd3 54. Ne6+ Kf7 55. h4 Be2 56. h5 Bd3 57. h6 Kg8 58. Kg6 1-0

[Event "Superettan(Wasa-Lulea)"]
[Site "?"]
[Date "2012.02.05"]
[Round "6"]
[White "Engstrom, Kaj"]
[Black "Collett, Peter"]
[Result "1-0"]
[WhiteElo "2258"]
[BlackElo "2238"]
[PlyCount "57"]
[EventDate "2012.??.??"]

1. e4 e5 2. Nf3 Nc6 3. Bb5 a6 4. Ba4 Nf6 5. d3 b5 6. Bb3 Bc5 7. a4 Rb8 8. axb5
axb5 9. Be3 Bxe3 10. fxe3 d5 11. Nc3 dxe4 12. Ng5 O-O 13. O-O exd3 14. Nce4 Be6
15. Rxf6 gxf6 16. Qh5 fxg5 17. Nxg5 Bf5 18. Nxf7 Rxf7 19. Qxf7+ Kh8 20. Qxf5 d2
21. Rd1 Qd6 22. Rxd2 Qh6 23. Rf2 Rd8 24. h3 Qg7 25. Qe4 Qg6 26. Qh4 e4 27. Rf6
Rd1+ 28. Kh2 Qe8 29. Re6 1-0

[Event "Superettan(Wasa-Lulea)"]
[Site "?"]
[Date "2012.02.05"]
[Round "6"]
[White "Soderberg, Per"]
[Black "Marklund, Niklas"]
[Result "0-1"]
[WhiteElo "2238"]
[BlackElo "2258"]
[PlyCount "82"]
[EventDate "2012.??.??"]

1. e4 c5 2. Nf3 d6 3. Bb5+ Nc6 4. O-O Bd7 5. a4 a6 6. Bxc6 Bxc6 7. Re1 e5 8. a5
Nf6 9. d3 h6 10. Nbd2 g6 11. Nc4 Bg7 12. Bd2 O-O 13. Qc1 Kh7 14. b4 Bb5 15. Nb6
Rb8 16. Qa3 Nd7 17. c4 Bc6 18. Rab1 Nxb6 19. axb6 f5 20. Bc3 fxe4 21. dxe4 Rf4
22. Bd2 Rxe4 23. bxc5 dxc5 24. Be3 Rxc4 25. Nd2 Qd5 26. f3 Rc2 27. Ne4 c4 28.
Rbd1 Qf7 29. Rf1 Qf8 30. Bc5 Qf5 31. Qe3 Qf4 32. Qxf4 exf4 33. Bd6 Re8 34. Bxf4
a5 35. Rfe1 Kh8 36. Kh1 a4 37. h4 a3 38. Nd6 Rxe1+ 39. Rxe1 a2 40. Nf7+ Kh7 41.
Ne5 Rb2 0-1

[Event "Superettan(Wasa-Lulea)"]
[Site "?"]
[Date "2012.02.05"]
[Round "6"]
[White "Rolen, Magnus"]
[Black "Nordstrom, Felix"]
[Result "1/2-1/2"]
[WhiteElo "2162"]
[BlackElo "2168"]
[PlyCount "66"]
[EventDate "2012.??.??"]

1. Nc3 d5 2. e4 dxe4 3. Nxe4 Bf5 4. Qf3 Bg6 5. c3 e5 6. Bc4 Nc6 7. d3 Qd7 8.
Be3 O-O-O 9. O-O-O Na5 10. Ne2 Nxc4 11. dxc4 Qf5 12. Rxd8+ Kxd8 13. Rd1+ Kc8
14. Qxf5+ Bxf5 15. Ng5 Nh6 16. Ng3 Bd7 17. f3 Be7 18. N5e4 f5 19. Nc5 Bxc5 20.
Bxc5 b6 21. Bf2 Nf7 22. c5 g5 23. cxb6 axb6 24. c4 h5 25. Ne2 Bc6 26. Nc3 g4
27. Nd5 Bxd5 28. Rxd5 gxf3 29. gxf3 Rd8 30. Rxd8+ Kxd8 31. Kd2 Kd7 32. Kd3 Kc6
33. b3 Ng5 1/2-1/2

[Event "Superettan(Wasa-Lulea)"]
[Site "?"]
[Date "2012.02.05"]
[Round "6"]
[White "Wenzel, Birger"]
[Black "Marcussen, Arno"]
[Result "1-0"]
[WhiteElo "2070"]
[BlackElo "2136"]
[PlyCount "67"]
[EventDate "2012.??.??"]

1. c4 c6 2. d4 d5 3. Nf3 Nf6 4. Nbd2 e6 5. g3 Be7 6. Bg2 O-O 7. O-O b6 8. Qc2
Bb7 9. Rd1 Nbd7 10. e4 c5 11. e5 Ne4 12. Nxe4 dxe4 13. Ne1 cxd4 14. Bxe4 Bxe4
15. Qxe4 Qc7 16. Nf3 Nc5 17. Qg4 Rfd8 18. b3 d3 19. Ba3 a5 20. Bxc5 Bxc5 21.
Qe4 Qd7 22. Ng5 g6 23. Qh4 h5 24. Qf4 Bf8 25. Rxd3 Qc7 26. Rf3 Bg7 27. Re1 Ra7
28. Qe4 Rd7 29. h4 Bh6 30. Nxe6 fxe6 31. Qxg6+ Bg7 32. Qe8+ Kh7 33. Qxh5+ Bh6
34. Rf6 1-0

[Event "Superettan(Wasa-Lulea)"]
[Site "?"]
[Date "2012.02.05"]
[Round "6"]
[White "Pousette, Gunnar"]
[Black "Sjoholm, Emil"]
[Result "1/2-1/2"]
[WhiteElo "2115"]
[BlackElo "1998"]
[PlyCount "89"]
[EventDate "2012.??.??"]

1. c4 e5 2. g3 f5 3. Bg2 Nf6 4. Nc3 Be7 5. d3 d6 6. e4 fxe4 7. Nxe4 O-O 8. Ne2
Nc6 9. O-O Qe8 10. N2c3 Nd4 11. Nxf6+ Bxf6 12. Nd5 Bd8 13. Be3 Ne6 14. Nc3 c6
15. Qe2 Bb6 16. Ne4 Qe7 17. Qh5 Bd7 18. b4 Bd4 19. Rab1 a6 20. c5 d5 21. Nd6
Be8 22. Nxe8 Raxe8 23. a4 Qf7 24. Qxf7+ Rxf7 25. h4 Bxe3 26. fxe3 Ref8 27. Bh3
Rxf1+ 28. Rxf1 Rxf1+ 29. Kxf1 Kf7 30. Kf2 Kf6 31. Kf3 a5 32. Bxe6 axb4 33. Bxd5
cxd5 34. Ke2 Ke6 35. Kd2 d4 36. e4 Kd7 37. Kc2 Kc6 38. Kb3 Kxc5 39. g4 h6 40.
h5 b6 41. Kb2 Kc6 42. Kb3 Kc5 43. Kb2 Kc6 44. Kb3 Kc5 45. Kb2 1/2-1/2

[Event "Superettan(Wasa-Lulea)"]
[Site "?"]
[Date "2012.02.05"]
[Round "6"]
[White "Hallerod, Ralph"]
[Black "Pettersson, Tobias"]
[Result "0-1"]
[WhiteElo "2054"]
[BlackElo "2082"]
[PlyCount "42"]
[EventDate "2012.??.??"]

1. d4 d6 2. Nf3 g6 3. g3 Bg7 4. Bg2 Nf6 5. c4 O-O 6. O-O Nc6 7. Nc3 Bf5 8. h3
a6 9. g4 Bd7 10. Be3 Rb8 11. Rc1 b5 12. cxb5 axb5 13. Nd2 Na5 14. b4 Nc4 15.
Nxc4 bxc4 16. Rb1 h5 17. g5 Ne8 18. a4 e5 19. a5 exd4 20. Bxd4 Qxg5 21. a6 Bxh3
0-1

[Event "Superettan(Upsala-Schack 08)"]
[Site "?"]
[Date "2012.02.04"]
[Round "5"]
[White "Renman, Nils-Gustaf"]
[Black "Johansson, Jan"]
[Result "1-0"]
[WhiteElo "2417"]
[BlackElo "2433"]
[PlyCount "81"]
[SourceDate "2012.02.28"]

1. d4 Nf6 2. Nf3 e6 3. c4 Bb4+ 4. Bd2 Qe7 5. g3 Nc6 6. Bg2 Bxd2+ 7. Nbxd2 d6 8.
O-O O-O 9. e4 a5 10. Qe2 a4 11. Rfb1 e5 12. d5 Nb4 13. Ne1 Nd7 14. b3 axb3 15.
axb3 Rxa1 16. Rxa1 Nc5 17. Qe3 f5 18. Qc3 fxe4 19. Qxb4 Qf6 20. Qc3 Qxf2+ 21.
Kh1 Bg4 22. Nc2 Be2 23. Qe3 Bd3 24. Ra8 Qf7 25. Rxf8+ Qxf8 26. Ne1 Qa8 27. b4
Na6 28. Nxe4 Bxe4 29. Bxe4 Nxb4 30. Qg5 Qe8 31. Nf3 Na6 32. Qf5 g6 33. Qf6 Nc5
34. Ng5 Nxe4 35. Nxe4 h6 36. Kg2 Kh7 37. c5 dxc5 38. Nxc5 Qb5 39. Qe7+ Kg8 40.
Qd8+ Kf7 41. Qxc7+ 1-0

[Event "Superettan(Upsala-Schack 08)"]
[Site "?"]
[Date "2012.02.04"]
[Round "5"]
[White "Andersson, Fredrik"]
[Black "Laveryd, Peter"]
[Result "1/2-1/2"]
[WhiteElo "2374"]
[BlackElo "2426"]
[PlyCount "53"]

1. d4 b5 2. e4 a6 3. Nf3 e6 4. a4 b4 5. Bd3 c5 6. d5 Qc7 7. O-O e5 8. Nbd2 d6
9. a5 Nf6 10. h3 Be7 11. Nc4 O-O 12. Nh2 Bd7 13. f4 Ne8 14. Nf3 Bb5 15. Qe2 Nd7
16. f5 Bxc4 17. Bxc4 Qb7 18. Nh2 Nc7 19. Rf3 Nb5 20. c3 Rfb8 21. Ng4 Nf6 22.
Rg3 Kh8 23. Nxf6 Bxf6 24. Qh5 Qe7 25. Bd2 bxc3 26. bxc3 Nc7 27. Be1 1/2-1/2

[Event "Superettan(Upsala-Schack 08)"]
[Site "?"]
[Date "2012.02.04"]
[Round "5"]
[White "Ingbrant, Johan"]
[Black "Glimbrant, Torbjorn"]
[Result "1/2-1/2"]
[WhiteElo "2464"]
[BlackElo "2333"]
[PlyCount "144"]

1. d4 Nf6 2. c4 e6 3. Nc3 d5 4. cxd5 exd5 5. Bg5 c6 6. e3 Be7 7. Bd3 Nbd7 8.
Nge2 O-O 9. O-O Re8 10. b4 h6 11. Bxf6 Nxf6 12. b5 c5 13. dxc5 Bxc5 14. Qa4 Qe7
15. Rad1 Qe5 16. Qf4 Bd6 17. Qxe5 Bxe5 18. Nd4 Bxd4 19. exd4 Bd7 20. Rc1 Rac8
21. Rfd1 Kf8 22. f3 Ke7 23. Kf2 Kd6 24. g4 Rc7 25. Ne2 Rxc1 26. Rxc1 Rc8 27.
Rb1 Be6 28. a4 Nd7 29. a5 Nf6 30. Ke3 Re8 31. Kd2 Nd7 32. h4 f6 33. Rc1 Nf8 34.
Ng3 Rc8 35. Rb1 Bd7 36. Re1 b6 37. Ra1 Kc7 38. axb6+ axb6 39. Nh5 Ne6 40. Bf5
Kd6 41. Bxe6 Kxe6 42. Ra6 Rb8 43. Nxg7+ Kd6 44. Nf5+ Bxf5 45. gxf5 h5 46. Kd3
Kc7 47. Ra7+ Rb7 48. Ra1 Kd6 49. Rg1 Ra7 50. Rg6 Ra3+ 51. Ke2 Ra2+ 52. Ke3 Ra3+
53. Kf4 Ke7 54. Rg7+ Ke8 55. Rb7 Rd3 56. Rxb6 Rxd4+ 57. Kg3 Rb4 58. Rxf6 Rxb5
59. Kf4 Ke7 60. Re6+ Kf7 61. Kg5 Rb3 62. Rd6 Rxf3 63. Rd7+ Ke8 64. Rxd5 Rg3+
65. Kf6 Rg4 66. Re5+ Kf8 67. Ra5 Kg8 68. Ra8+ Kh7 69. Kf7 Rxh4 70. Rg8 Ra4 71.
Rg7+ Kh6 72. Rg6+ Kh7 1/2-1/2

[Event "Superettan(Upsala-Schack 08)"]
[Site "?"]
[Date "2012.02.04"]
[Round "5"]
[White "Lindberg, Henrik"]
[Black "Ottenklev, Niclas"]
[Result "1-0"]
[WhiteElo "2264"]
[BlackElo "2220"]
[PlyCount "55"]
[EventDate "2012.??.??"]

1. e4 c5 2. Nf3 Nc6 3. d4 cxd4 4. Nxd4 Nf6 5. Nc3 e5 6. Ndb5 d6 7. Bg5 a6 8.
Na3 b5 9. Nd5 Be7 10. Bxf6 Bxf6 11. c3 Ne7 12. Nxf6+ gxf6 13. Bd3 d5 14. Nc2
Bb7 15. exd5 Qxd5 16. Ne3 Qe6 17. Qh5 e4 18. Bc2 f5 19. O-O-O a5 20. Rd4 b4 21.
Bb3 Qg6 22. Qh4 bxc3 23. Rhd1 cxb2+ 24. Kb1 f6 25. Qf4 Rc8 26. Kxb2 Bc6 27. Qd6
f4 28. Qd8+ 1-0

[Event "Superettan(Upsala-Schack 08)"]
[Site "?"]
[Date "2012.02.04"]
[Round "5"]
[White "Schutz, Ingemar"]
[Black "Burwick, Malte"]
[Result "1/2-1/2"]
[WhiteElo "2233"]
[BlackElo "2302"]
[PlyCount "147"]
[SourceDate "2012.02.28"]

1. e4 g6 2. Nc3 Bg7 3. f4 c5 4. Nf3 d6 5. Bc4 Nc6 6. O-O e6 7. f5 exf5 8. d3
Nge7 9. Qe1 h6 10. Bd2 Ne5 11. Nxe5 dxe5 12. Qf2 b6 13. exf5 gxf5 14. Qg3 Kf8
15. Rf2 Be6 16. Raf1 Qd7 17. Bc1 Rd8 18. Kh1 Qc8 19. a4 Rd4 20. b3 a5 21. Nb5
Rd8 22. Bb2 Nc6 23. Bxe6 fxe6 24. Qg6 Ne7 25. Qg3 Nc6 26. Na3 h5 27. Nc4 h4 28.
Qe3 Qc7 29. h3 Nd4 30. Re1 Rd5 31. Qg5 Kf7 32. Ne3 Qd8 33. Qxd8 Rdxd8 34. Nc4
Rb8 35. Nxe5+ Bxe5 36. Rxe5 Rbd8 37. Re1 Rh6 38. Bc1 Rh5 39. Bf4 Rd5 40. Bc7
Nc6 41. Bxb6 Rh8 42. Bc7 Kf6 43. Bf4 e5 44. Bd2 f4 45. Bc3 Kf5 46. Re4 Rh7 47.
Kg1 Ra7 48. Kf1 Rad7 49. Rc4 Ra7 50. Be1 Rh7 51. Re2 Kg5 52. Kf2 Kf5 53. Rd2
Rh6 54. Ke2 Ke6 55. Kd1 Rh7 56. Kc1 Kd6 57. Kb2 Nb4 58. Re2 Nc6 59. Rd2 Nb4 60.
Rd1 Nc6 61. c3 Rg7 62. Rd2 Rh7 63. Bf2 Rh5 64. Re4 Rh7 65. c4 Rd4 66. Bxd4 cxd4
67. Re1 Nb4 68. Kc1 Rh5 69. Red1 Rg5 70. Re2 Rg3 71. Red2 Kc5 72. Kb1 Re3 73.
Ka1 Kd6 74. Kb2 1/2-1/2

[Event "Superettan(Upsala-Schack 08)"]
[Site "?"]
[Date "2012.02.04"]
[Round "5"]
[White "Marttala, Thomas"]
[Black "Faldt, Magnus"]
[Result "1/2-1/2"]
[WhiteElo "2238"]
[BlackElo "2216"]
[PlyCount "53"]

1. e4 c5 2. Nf3 Nc6 3. Bb5 e6 4. O-O Nge7 5. c3 a6 6. Ba4 b5 7. Bc2 d5 8. a4 b4
9. Re1 Bb7 10. d4 cxd4 11. exd5 Nxd5 12. cxd4 Be7 13. Qd3 Rc8 14. Nbd2 Nf4 15.
Qe4 g5 16. Nb3 Na5 17. Qe5 Bf6 18. Qxa5 Qxa5 19. Nxa5 Bxf3 20. Bxf4 gxf4 21.
Be4 Bxe4 22. Rxe4 Ke7 23. Rxf4 Rhd8 24. Nb3 Rd5 25. Kf1 Rc2 26. Rb1 a5 27. Re4
1/2-1/2

[Event "Superettan(Upsala-Schack 08)"]
[Site "?"]
[Date "2012.02.04"]
[Round "5"]
[White "Arvidsson, Tomas"]
[Black "Johansson, Thomas"]
[Result "0-1"]
[WhiteElo "2059"]
[BlackElo "2249"]
[PlyCount "78"]

1. e4 e6 2. d4 d5 3. e5 c5 4. c3 Nc6 5. Nf3 Qb6 6. a3 c4 7. Be2 f6 8. exf6 Nxf6
9. O-O Bd6 10. Qc2 O-O 11. Bg5 Bd7 12. Nbd2 Be8 13. b3 Bg6 14. Qb2 h6 15. Nh4
Bh7 16. Bxf6 Rxf6 17. Ra2 cxb3 18. Qxb3 Qc7 19. g3 Na5 20. Qb2 Rc8 21. c4 Nxc4
22. Nxc4 dxc4 23. f4 c3 24. Qc1 Qb6 25. Nf3 Be4 26. Qe3 Bb1 27. Ra1 c2 28. Bd3
c1=Q 29. Rxc1 Rxc1+ 30. Qxc1 Bxd3 31. Qc8+ Kh7 32. Re1 e5 33. Qh3 exf4 34. g4
Qb5 35. g5 Rg6 36. Qc8 Rxg5+ 37. Nxg5+ Qxg5+ 38. Kh1 f3 39. Rg1 f2 0-1

[Event "Superettan(Upsala-Schack 08)"]
[Site "?"]
[Date "2012.02.04"]
[Round "5"]
[White "Thorgeirsson, Sverrir"]
[Black "Hansson, Christian"]
[Result "1-0"]
[WhiteElo "2213"]
[BlackElo "2098"]
[PlyCount "47"]

1. e4 c6 2. c4 e5 3. Nf3 d6 4. d4 Nd7 5. Nc3 Ngf6 6. Be2 Be7 7. h3 Qc7 8. Be3
O-O 9. Qd2 Re8 10. O-O Bf8 11. Bd3 exd4 12. Bxd4 Ne5 13. Be2 h6 14. Nh4 Ned7
15. Nf5 Nxe4 16. Qf4 Ndf6 17. Nxh6+ gxh6 18. Bd3 Bg7 19. Nxe4 Nh5 20. Bxg7 Nxf4
21. Nf6+ Kxg7 22. Nxe8+ Kf8 23. Nxc7 Rb8 24. Rad1 1-0

[Event "Superettan(Rodeby-Schack 08)"]
[Site "?"]
[Date "2012.02.25"]
[Round "6"]
[White "Laveryd, Peter"]
[Black "Greiff, Hakan"]
[Result "1/2-1/2"]
[WhiteElo "2426"]
[BlackElo "2299"]
[PlyCount "91"]
[EventDate "2012.??.??"]

1. e4 e5 2. Nf3 Nc6 3. Nc3 Nf6 4. g3 a6 5. Bg2 Bc5 6. O-O d6 7. d3 O-O 8. Bg5
h6 9. Be3 Bxe3 10. fxe3 Bg4 11. Qd2 Ne7 12. Nh4 Ng6 13. Nf5 c6 14. d4 Bxf5 15.
Rxf5 Nd7 16. Nd1 Qb6 17. c3 Rae8 18. Rf1 c5 19. Nf2 Nf6 20. a3 cxd4 21. exd4 d5
22. exd5 exd4 23. c4 Ne5 24. Rac1 Rc8 25. c5 Rxc5 26. Qxd4 Ned7 27. Rxc5 Qxc5
28. Qxc5 Nxc5 29. Rc1 b6 30. b4 Ncd7 31. Rc7 Re8 32. Ne4 Rd8 33. Nd6 Ne5 34.
Nf5 g6 35. Rc8 Rxc8 36. Ne7+ Kf8 37. Nxc8 Nc4 38. d6 Ke8 39. Bb7 Kd7 40. Bxa6
Nxa3 41. Nxb6+ Kxd6 42. Nc4+ Nxc4 43. Bxc4 Ke7 44. Bb3 Nd7 45. Kf2 Ne5 46. Ke3
1/2-1/2

[Event "Superettan(Rodeby-Schack 08)"]
[Site "?"]
[Date "2012.02.25"]
[Round "6"]
[White "Svensson, Bo Anders"]
[Black "Renman, Nils-Gustaf"]
[Result "1/2-1/2"]
[WhiteElo "2360"]
[BlackElo "2417"]
[PlyCount "69"]
[SourceDate "2012.02.28"]

1. c4 f5 2. g3 Nf6 3. Bg2 e5 4. d3 c6 5. Nf3 d6 6. Nc3 Be7 7. O-O O-O 8. c5 Kh8
9. a3 a5 10. cxd6 Bxd6 11. d4 e4 12. Ng5 Na6 13. f3 exf3 14. Bxf3 Nc7 15. e4
fxe4 16. Ncxe4 Ncd5 17. Nxd6 Qxd6 18. Qd3 g6 19. Bd2 Bf5 20. Qb3 h6 21. Bxd5
Qxd5 22. Qxd5 Nxd5 23. Nf3 Bh3 24. Rf2 Kg7 25. Re1 a4 26. Ne5 Rxf2 27. Kxf2
Rf8+ 28. Ke2 g5 29. Rc1 Rf6 30. Be3 Kf8 31. Bf2 Bg2 32. Rc4 b5 33. Nd7+ Kf7 34.
Nxf6 bxc4 35. Nxd5 1/2-1/2